[Event "BEL-ch op"]
[Site "Antwerp"]
[Date "2011.07.04"]
[Round "3.9"]
[White "Leenaerts, Robin"]
[Black "Lambert, Luc"]
[Result "1-0"]
[WhiteElo "2186"]
[BlackElo "1943"]
[PlyCount "77"]
[EventDate "2011.07.02"]
[EventType "swiss"]
[EventRounds "9"]
[EventCountry "BEL"]
[SourceTitle "CBM 143 Extra"]
[Source "ChessBase"]
[SourceDate "2011.08.29"]
[SourceVersion "1"]
[SourceVersionDate "2011.08.29"]
[SourceQuality "1"]

1. e4 e6 2. d4 d5 3. Nc3 Bb4 4. e5 c5 5. a3 Bxc3+ 6. bxc3 Qc7 7. Qg4 f5 8. Qg3 Nc6 9. Nf3 Nge7 10. Be2 Bd7 11. 0-0 cxd4 12. cxd4 0-0-0 13. a4 Rdg8 14. h4 Be8 15. c3 Bh5 16. Re1 h6 17. Nh2 Bxe2 18. Rxe2 g6 19. f4 Na5 20. Rb2 Nc4 21. Rb5 Nc6 22. a5 a6 23. Rc5 Kb8 24. Qd3 Qd8 25. Rxc4 dxc4 26. Qxc4 Qd5 27. Qxd5 exd5 28. Nf1 Nd8 29. Ne3 g5 30. hxg5 hxg5 31. Nxd5 g4 32. Ne7 Rg7 33. Nxf5 Rgh7 34. Ng3 Ne6 35. f5 Ng7 36. f6 Nh5 37. Kf2 Kc8 38. Ne4 Kd7 39. Ng5 1-0